| 000 | 00734cam a2200217 a 4500 | ||
|---|---|---|---|
| 020 | _a9251014825 (pbk.) | ||
| 040 | _cDLC | ||
| 082 | 0 | 0 | _a632 FOO 1984 A052 Or. |
| 245 | 0 | 0 | _aBreeding for durable disease and pest resistance / |
| 260 |
_aRome : _bFood and Agriculture Organization of the United Nations, _c1984. |
||
| 300 |
_a167 p. : _bill. ; _c30 cm. |
||
| 490 | 1 | _aFAO plant production and protection paper ; | |
| 500 | _aOrganized by the Plant Protection Service of FAO. | ||
| 650 | 0 | _aPlants | |
| 650 | 0 | _aFood crops | |
| 650 | 0 | _aPlant breeding | |
| 650 | 0 | _aFood crops | |
| 710 | 2 | _aInternational Institute of Tropical Agriculture. | |
| 710 | 2 | _aFood and Agriculture Organization of the United Nations. | |
| 942 | _cFB | ||
| 999 |
_c14657 _d14657 |
||